000 00581nam a2200205Ia 4500
005 20250923145652.0
008 008 250917s9999 xx 000 0 eng d
037 _aTextual
040 _aDSWL
_beng
_cDSWL
041 _aeng
_2eng
084 _aT15-9(Y31).213, N85
_qDSWL
100 _aTara, S.N.
_9837759
245 0 _aEducation in a rural environment
_c by S.N.Tara
260 _aNew Delhi
_bDelhi Ashish
_c1985
300 _axii,143 p.
365 _aINR
_b90
925 _g90
942 _cTEXL
_hT15-9(Y31).213, N85
999 _c1454160
_d1454160